| 000 | 00833cam7a220021700 4500 | ||
|---|---|---|---|
| 001 | tmp15393352 | ||
| 003 | UPRA | ||
| 005 | 20190830121455.0 | ||
| 008 | 950803s1967 be fre u | ||
| 035 | _a(Sirsi) r29215 | ||
| 035 | _a(UPRA)tmp15393352 | ||
| 040 | _cUPRA | ||
| 100 | 1 |
_aDoneux, J. _6A93545.1 |
|
| 245 | 1 | 0 |
_aAfricana linguistica III / _c[by] J. Doneux [and others]. |
| 260 |
_aTervuren, _c1967. |
||
| 490 | 1 |
_aMusee Royal de l'Afrique Centrale (Tervuren, Belgium). Annales. Ser. in-8 , Sciences humaines ; _vno. 61 |
|
| 650 | 0 |
_aBantu languages. _6S3923.1 |
|
| 830 | 0 |
_aAnnalen. Reeks in-8o, Menselijke wetenschappen ; _nAnnalen. Reeks in-8o, Menselijke wetenschappen ; _pAnnalen. Reeks in-8o, Menselijke wetenschappen ; _vno. 61. _6S14139.1 |
|
| 949 |
_aDT641.M8 _wlcc _i-31902 _mMAIN _tBOOK _lON-SHELF |
||
| 004 | 29215 | ||
| 999 |
_c197431 _d197431 |
||